000 00592nam a2200193Ia 4500
008 090123s9999 xx 000 0 und d
082 _b5734
_a891.463/मेंगजी
100 _aमेंगजी अशोक
245 _aमृगजळ
250 _a1
260 _bप्रिया प्रकाशन
300 _a216
600 _aमेंगजी अशोक
630 _aमृगजळ
700 _aमेंगजी अशोक
700 _aकाकडे दत्तात्रय सदाशिव
730 _aमृगजळ
942 _cBOOK
999 _c43799
_d43799